000 00640nam a2200265Ia 4500
003 OSt
005 20221006144110.0
006 a|||||r|||| 00| 0
007 ta
008 221006b |||||||| |||| 00| 0 eng d
020 _cP5.00
024 _a10,865
037 _cTextual
040 _aEASL
_cEASL
_beng
041 _2eng
_aeng
082 _aQ4x, L9
100 _aHUMPHREYS Christmas Ed.
245 0 _aWisdom of Buddhism
260 _aLondon
_bCurzon
_c1979
300 _a28p.
_ccm.
490 _v Gen
650 _aGen
942 _hQ4x, L9
_cTEXL
_2CC
999 _c1078951
_d1078951